Ford Quiz - Statistics

General Stats
  • This quiz has been taken 25 times
  • The average score is 10 of 16
Answer Stats
Picture Answer % Correct
F150
100%
Mustang
100%
Explorer
88%
Fiesta
88%
Focus
88%
GT40
75%
Model T
75%
Ranger
69%
Bronco
63%
F150 Raptor
63%
Transit
56%
Capri
50%
Escort
50%
Mondeo
44%
EcoSport
25%
MK1 Transit
13%
No matching quizzes found
Score Distribution
Percent of People with Each Score
Percentile by Number Answered
Your Score History
You have not taken this quiz